000 02012cam a2200505 a 4500
001 21729
003 VRT
005 20260309104718.0
008 240314s2008 xo a b 000 f slo
015 _aSNBA2008/05-02254
020 _a9788055115245
_q(viaz.)
035 _a5C530352-F0E5-4596-95ED-DECC0C7E4E57
035 _aurn:nbn:sk:snk-amjvkx
035 _aurn:nbn:sk:snk-am007z0z
039 9 _a202403141524
_bVLOAD
_c201511121640
_dVLOAD
_c201507071544
_dVLOAD
_c200809040819
_dmskpk07
040 _aPOKPOH
_bslo
_cPOKPOH
_dSNK
_eAACR2
041 1 _aslo
_hger
044 _axo
_cSK
072 7 _a821.112.2-3
_xNemecká próza, nemecky písaná
_2konspekt
072 7 _a821-93
_xLiteratúra pre deti a mládež
_2konspekt
080 _a821.112.2-32
_22001
080 _a821-93
_22001
080 _a(0:82-321.3)
_22001
080 _a343.712.2-051
_22001
100 1 _aLangreuter, Jutta,
_d1944-
_4aut
240 1 0 _aKäpt'n Sharky und das Geheimnis der Schatzinsel a Käpt'n Sharky und das Seeungeheuer
_lSlovensky
245 1 0 _aKapitán Žralok
_bostrov pokladov a morský drak
_cdobrodružný príbeh napísala Jutta Langreuterová ; ilustrácie nakreslil Silvio Neuendorf ; [z nemeckých originálov preložila Eva Melichárková]
250 _a[1. vyd.]
260 _aBratislava
_bIkar
_c2008
300 _a[48] s.
_bfareb. ilustr.
_c31 cm
500 _aDokument obsahuje 2 príbehy
505 1 _aKapitán Žralok a ostrov pokladov -- Kapitán Žralok a morský drak
650 0 7 _apiráti
_2SNKPH
655 7 _anemecké príbehy
_2SNKPH
655 7 _adobrodružné príbehy
_2SNKPH
655 7 _apublikácie pre deti
_2SNKPH
700 1 _aNeuendorf, Silvio,
_d1967-
_4ill
700 1 _aMelichárková, Eva,
_d1945-
_4trl
942 _2ddc
_cKLDE
_n0
949 _62889745802
_asavukPV 11592
_bsavuk2008/2502
949 _617A0589802
_asnkSB 76256
_bsnk2008/11973
_o1291/08
_s6100:20140925
949 _617A0589816
_asnkSB 76256 D1
_bsnk2008/11974
_o1291/08
980 _a821.112.2-32
980 _a821-93
999 _c21729
_d21729